|
|
|
|
| LEADER |
00000nam0a2200000 4500 |
| 001 |
314104 |
| 005 |
20260113145854.0 |
| 035 |
|
|
|a (RuTPU)RU\TPU\book\339515
|
| 090 |
|
|
|a 314104
|
| 100 |
|
|
|a 20160208d1975 km y0rusy50 ca
|
| 101 |
0 |
|
|a rus
|
| 102 |
|
|
|a RU
|
| 105 |
|
|
|a a z 001zy
|
| 200 |
1 |
|
|a Монтаж проводов и кабелей в устройствах автоматики
|f Н. И. Малинкин
|
| 210 |
|
|
|a Москва
|c Энергия
|d 1975
|
| 215 |
|
|
|a 110 с.
|c ил.
|
| 225 |
1 |
|
|a Библиотека электромонтера
|v Вып. 406
|
| 320 |
|
|
|a Библиогр.: с. 109
|
| 606 |
|
|
|a Автоматические устройства
|x Монтаж
|2 stltpush
|3 (RuTPU)RU\TPU\subj\916
|9 29722
|
| 606 |
1 |
|
|a Электрические провода
|x Изоляция
|2 stltpush
|3 (RuTPU)RU\TPU\subj\27334
|9 51109
|
| 606 |
1 |
|
|a Кабели
|x Изоляция
|2 stltpush
|3 (RuTPU)RU\TPU\subj\13331
|9 39950
|
| 610 |
1 |
|
|a соединения
|
| 610 |
1 |
|
|a разъединители
|
| 610 |
1 |
|
|a заделка
|
| 610 |
1 |
|
|a качество
|
| 610 |
1 |
|
|a контроль
|
| 610 |
1 |
|
|a материалы
|
| 610 |
1 |
|
|a безопасность
|
| 675 |
|
|
|a 681.52/53
|v 4
|
| 675 |
|
|
|a 621.315.3
|v 4
|
| 675 |
|
|
|a 621.315.211
|v 4
|
| 700 |
|
1 |
|a Малинкин
|b Н. И.
|g Николай Иванович
|
| 801 |
|
1 |
|a RU
|b 63413507
|c 20160208
|
| 801 |
|
2 |
|a RU
|b 63413507
|c 20171024
|g RCR
|
| 942 |
|
|
|c BK
|